|
|
|
|
| LEADER |
00000nab a2200000 i 4500 |
| 001 |
publ568 |
| 005 |
20170202142511.0 |
| 008 |
170202s2009 hu o 000 zxx d |
| 022 |
|
|
|a 1587-5881
|
| 040 |
|
|
|a BGE Publikációtár Repozitórium
|b hun
|
| 100 |
1 |
|
|a Vereckei László
|
| 245 |
1 |
0 |
|a Gondolatok a gazdaságról mint komplex rendszerről
|c Vereckei László
|h [elektronikus dokumentum]
|
| 260 |
|
|
|c 2009
|
| 300 |
|
|
|a 5-13
|
| 490 |
0 |
|
|a Szakmai Füzetek
|v No. 26. sz.
|
| 650 |
|
4 |
|a közgazdaságtudományok
|
| 695 |
|
|
|a Gazdaság
|
| 695 |
|
|
|a Rendszerelmélet
|
| 856 |
4 |
0 |
|u https://publikaciotar.uni-bge.hu/id/eprint/568/1/szf_26_01.pdf
|z Dokumentum-elérés
|